OPAC Home

සයිලස් මානර් නොහොත් වෙස්ගත් මහල්ලෙක් (Record no. 40314)

MARC details
000 -LEADER
fixed length control field 00579nam a2200181Ia 4500
008 - FIXED-LENGTH DATA ELEMENTS--GENERAL INFORMATION
fixed length control field 121001t2000 xxu||||| |||| 00| 0 sin d
041 ## - LANGUAGE CODE
Language code of text/sound track or separate title Sinhala; Sinhalese
080 ## - UNIVERSAL DECIMAL CLASSIFICATION NUMBER
Universal Decimal Classification number 8 - 3 (Youth)
Item number ELI
942 ## - ADDED ENTRY ELEMENTS (KOHA)
Koha item type Books
003 - CONTROL NUMBER IDENTIFIER
control field LK-CoDNM
040 ## - CATALOGING SOURCE
Original cataloging agency LK-CoDNM
Modifying agency LK-CoDNM
Description conventions LK-CoDNM
100 ## - MAIN ENTRY--PERSONAL NAME
Personal name Eliot,George
700 ## - ADDED ENTRY--PERSONAL NAME
Personal name Karunarathna,D. M.
Relator term translater
245 ## - TITLE STATEMENT
Title සයිලස් මානර් නොහොත් වෙස්ගත් මහල්ලෙක්
246 ## - VARYING FORM OF TITLE
Title proper/short title Silas Marner Nohoth Wesgath Mahallek
260 ## - PUBLICATION, DISTRIBUTION, ETC. (IMPRINT)
Place of publication, distribution, etc. Udaya Printers And Publishers
-- Ganemulla
Date of publication, distribution, etc. 2000
300 ## - PHYSICAL DESCRIPTION
Other physical details 118p, 21 cm
Holdings
Withdrawn status Lost status Damaged status Not for loan Collection code Permanent Location Current Location Date acquired Full call number Barcode Koha item type
        Translation Library National Museum Colombo - Sri Lanka Library National Museum Colombo - Sri Lanka 2012-10-01 8 - 3 (Youth) ELI 139485 Books
Copyright © 2023 Department of National Museum, Colombo 07, Sri Lanka Funded by UNESCO IFAP UNESCO